| 000 | 01260cam a2200349 a 4500 | ||
|---|---|---|---|
| 001 | 17507880 | ||
| 005 | 20250314103849.0 | ||
| 008 | 121025s2012 pk bg 000 0 eng | ||
| 010 | _a 2012432429 | ||
| 020 | _a9789693525700 | ||
| 020 | _a9693525701 | ||
| 025 | _aP-E-2012432429; 47; 18 | ||
| 037 |
_bLibrary of Congress -- Islamabad Overseas Office _cRs 1200.00 |
||
| 040 |
_aDLC _cDLC _dDLC |
||
| 042 |
_alcode _apcc |
||
| 043 | _aa-pk--- | ||
| 050 | 0 | 0 |
_aKPL1064.5 _b.A955 2012 |
| 082 |
_a343.099 _bALI |
||
| 100 | 1 |
_aAli, Yasmeen Aftab. _9128304 |
|
| 245 | 1 | 2 |
_aA comparative analysis of media & media laws in Pakistan / _cby Yasmeen Aftab Ali. |
| 246 | 3 | _aComparative analysis of media and media laws in Pakistan | |
| 246 | 3 | 0 | _aMedia & media laws in Pakistan |
| 246 | 3 | _aMedia and media laws in Pakistan | |
| 260 |
_aLahore : _bSang-e-meel Publications, _c2012. |
||
| 300 |
_a312 p. ; _c24 cm. |
||
| 504 | _aIncludes bibliographical references. | ||
| 650 | 0 |
_aMass media _xLaw and legislation _zPakistan. _9128305 |
|
| 856 | 4 | 1 |
_3Table of contents only _uhttp://www.loc.gov/catdir/toc/fy14pdf01/2012432429.html |
| 906 |
_a7 _bcbc _corigode _d2 _encip _f20 _gy-gencatlg |
||
| 942 |
_2ddc _cBK |
||
| 999 |
_c613320 _d613320 |
||